A nők foglalkoztatása

Bibliographic Details
Main Author: Czipóth Réka
Other Authors: Hidegh Dr. Anna Laura
Format: Project work
Kulcsszavak:karrier
Üvegplafon
munkahely és magánélet egyensúlya
Online Access:http://dolgozattar.uni-bge.hu/20037

MARC

LEADER 00000nnm a2200000 i 4500
001 dolg20037
005 20181218150112.0
008 181218suuuu hu o 000 hun d
040 |a BGE Dolgozattár Repozitórium  |b hun 
041 |a hu 
100 1 |a Czipóth Réka 
245 1 2 |a A nők foglalkoztatása  |c Czipóth Réka  |h [elektronikus dokumentum] 
516 |a Project_work 
695 |a karrier 
695 |a Üvegplafon 
695 |a munkahely és magánélet egyensúlya 
700 1 |a Hidegh Dr. Anna Laura  |e ths 
856 4 0 |u http://dolgozattar.uni-bge.hu/20037/1/14410_R%C3%A9ka_Czip%C3%B3th_A_n%C5%91k_foglalkoztat%C3%A1sa_36793_1263911000.pdf  |z Dokumentum-elérés